Statistics for UK Cabinet 2020

Click here to take the quiz!

General Stats

  • This quiz has been taken 79 times
    (56 since last reset)
  • The average score is 15 of 32

Answer Stats

PositionAnswer% Correct
Prime MinisterBoris Johnson
100%
Home SecretaryPriti Patel
98%
Chancellor of the Duchy of LancasterMichael Gove
96%
Chancellor of the ExchequerRishi Sunak
96%
Foreign SecretaryDominic Raab
91%
Health SecretaryMatt Hancock
89%
Education SecretaryGavin Williamson CBE
82%
Leader of the House of CommonsJacob Rees-Mogg
78%
International Trade Secretary, Women and Equalities MinisterLiz Truss
78%
Transport SecretaryGrant Shapps
58%
Housing SecretaryRobert Jenrick
58%
Business SecretaryAlok Sharma
53%
Defence SecretaryBen Wallace
53%
Environment, Food and Rural Affairs SecretaryGeorge Eustice
44%
Work and Pensions SecretaryThérèse Coffey
44%
Digital, Culture, Media and Sport SecretaryOliver Dowden CBE
40%
Lord Chancellor and Justice SecretaryRobert Buckland QC
40%
Northern Ireland SecretaryBrandon Lewis CBE
38%
Attorney GeneralSuella Braverman
33%
Scotland SecretaryAlister Jack
31%
Leader of the House of LordsBaroness Evans of Bowes Park
29%
Chief Secretary to the TreasuryStephen Barclay
29%
International Development SecretaryAnne-Marie Trevelyan
27%
Wales SecretarySimon Hart
27%
Minister for Business, Energy and Clean GrowthKwasi Kwarteng
22%
Minister without Portfolio (and Conservative Party Chairman)Amanda Milling
20%
Parliamentary Secretary to the Treasury (and Chief Whip)Mark Spencer
18%
Paymaster General, Minister for the Cabinet OfficePenny Mordaunt
13%
Minister for the Northern Powerhouse and Local GrowthJake Berry
11%
Minister for SecurityJames Brokenshire
11%
Minister of StateLord Goldsmith of Richmond Park
9%
Minister for HousingChristopher Pincher
4%

Score Distribution

Percentile by Number Answered

Percent of People with Each Score

Your Score History

You have not taken this quiz since the last reset